Pakistan : Recent Economic Developments.

This paper reviews economic developments in Pakistan during 1990-95. The authorities succeeded in reducing the budget deficit and in slowing down the growth of the net domestic assets of the banking system in 1993/94. These tighter financial policies led to a marked reduction in the macroeconomic im...

Full description

Bibliographic Details
Corporate Author: International Monetary Fund
Format: Journal
Language:English
Published: Washington, D.C. : International Monetary Fund, 1996.
Series:IMF Staff Country Reports; Country Report ; No. 1996/008
Online Access:Full text available on IMF
LEADER 01610cas a2200241 a 4500
001 AALejournalIMF001035
008 230101c9999 xx r poo 0 0eng d
020 |c 5.00 USD 
020 |z 9781451830408 
022 |a 1934-7685 
040 |a BD-DhAAL  |c BD-DhAAL 
110 2 |a International Monetary Fund. 
245 1 0 |a Pakistan :   |b Recent Economic Developments. 
264 1 |a Washington, D.C. :  |b International Monetary Fund,  |c 1996. 
300 |a 1 online resource (112 pages) 
490 1 |a IMF Staff Country Reports 
500 |a <strong>Off-Campus Access:</strong> No User ID or Password Required 
500 |a <strong>On-Campus Access:</strong> No User ID or Password Required 
506 |a Electronic access restricted to authorized BRAC University faculty, staff and students 
520 3 |a This paper reviews economic developments in Pakistan during 1990-95. The authorities succeeded in reducing the budget deficit and in slowing down the growth of the net domestic assets of the banking system in 1993/94. These tighter financial policies led to a marked reduction in the macroeconomic imbalances that had flared up in 1992/93; in particular, they were reflected in a much narrower external current account deficit. Moreover, the strong stance of demand management contributed to a turnaround in private sector confidence, which was evidenced by large capital inflows. 
538 |a Mode of access: Internet 
830 0 |a IMF Staff Country Reports; Country Report ;  |v No. 1996/008 
856 4 0 |z Full text available on IMF  |u http://elibrary.imf.org/view/journals/002/1996/008/002.1996.issue-008-en.xml  |z IMF e-Library